000 00765nam a2200241 i 4500
001 92591
003 ES-MaACL
005 20230906181016.0
007 t|
008 050405s2001 sp ||||1| spa d
020 _a84-249-2533-5
080 _a821.124-14"-00"
100 1 _aOvidio Nasón, Publio.
_988013
245 1 0 _aAmores ; Arte de amar /
_cOvidio ; introducción general, traducción y notas de Vicente Cristóbal López.
260 _aMadrid :
_bGredos,
_c[2001]
300 _aXLIV, 257 p. ;
_c22 cm.
490 1 _aBiblioteca básica Gredos ;
_v66
700 0 _aCristóbal López, Vicente.
_941641
740 0 _aArte de amar.
830 0 _aBiblioteca básica Gredos ;
_v66
_9184074
852 _aES-MaACL
_jE-10929
_bR.135755
999 _c92591
_d92591